000 00305nam a22001337a 4500
008 170925b xxu||||| |||| 00| 0 eng d
020 _a9780618046577
041 _aeng
080 _22ND
_a37
100 _a46
101 _aEDU
245 _aSTUDY SKILLS FOR LEARNING POWER
_cHELLYER,R
942 _2udc
_cBK
999 _c29529
_d29529